000 00853cas a22002657a 4500
005 20220329142319.0
008 000612u1988 mx zr pernn 0 b1spa d
010 _a81514
011 _a82486
035 _a92983
245 0 0 _aCiencia
_c/por Universidad Autónoma de Guerrero
260 0 _aChilpancingo Gro. :
_bUniversidad Autónoma de Guerrero,
_c1988-
300 _av.
310 _aRegular
362 _av.1 n.2-3,1989.
500 _aSe dejó de recibir a partir del v.1 n.4,1990.
590 _aBATCH-UPD
_b10
_c20130110
_lUCH01
_h1426
590 _aBATCH-UPD
_b10
_c20130410
_lUCH01
_h0905
590 _aBATCH-UPD
_b10
_c20130914
_lUCH01
_h0934
590 _aCONVERSION
_b10
_c20130109
_lUCH01
_h1345
650 1 4 _aCiencia
_xPublicaciones periódicas.
_923133
866 _av.1 n.1-4 (1988-1990)
901 _aSE
905 _aLilia Sánchez G.
999 _c81514
_d81514